República de Corea (Registro nro. 6284)

Detalles MARC
000 -LEADER
fixed length control field 01392 a2200193 4500
001 - CONTROL NUMBER
control field 57772
005 - DATE AND TIME OF LATEST TRANSACTION
control field 20260407155837.0
008 - FIXED-LENGTH DATA ELEMENTS--GENERAL INFORMATION
fixed length control field 260407a1983 arg spa d
003 - CONTROL NUMBER IDENTIFIER
control field AR-UNSa-BCEJYS
040 ## - CATALOGING SOURCE
Original cataloging agency AR-UNSa-BCEJYS
Language of cataloging spa
Transcribing agency AR-UNSa-BCEJYS
080 ## - UNIVERSAL DECIMAL CLASSIFICATION NUMBER
Universal Decimal Classification number 339.5
Common auxiliary subdivision Comercio exterior. Comercio Internacional
100 1# - MAIN ENTRY--PERSONAL NAME
Personal name Centro de Comercio Internacional (CCI)
245 10 - TITLE STATEMENT
Title República de Corea
Name of part/section of a work Un mercado para productos de otros países de desarrollo
264 #1 - PRODUCTION, PUBLICATION, DISTRIBUTION, MANUFACTURE, AND COPYRIGHT NOTICE
Place of production, publication, distribution, manufacture Ginebra :
Name of producer, publisher, distributor, manufacturer Centro de Comercio Internacional
Date of production, publication, distribution, manufacture, or copyright notice 1983
300 ## - PHYSICAL DESCRIPTION
Extent 146 p.
Dimensions 23 cm.
505 ## - FORMATTED CONTENTS NOTE
Formatted contents note Primera parte: 1. La república de Corea como mercado de importación en general y como mercado para otros países en desarrollo en particular – 2. El comercio con la república de Corea – Parte 2: 1. Productos alimenticios y materias primas agrícolas – 2. Semillas y nueces oleaginosas – 3. Aceites y grasas – 4. Pieles y cueros (cueros de bovinos y pieles de ovinos y de caprinos curtidas) – 5. Productos de la madera: madera aserrada, chapas, madera torcida (contrachapados), trabajos de carpintería – 6. Textiles: tejidos de fibras sintéticas y artificiales – 7. Productos de metal y mineral de hierro – 8. Maquinaria y utensilios eléctricos – 9. Barcos y botes – 10. Productos diversos – 11. Evolución de las importaciones en 1982
590 ## - LOCAL NOTE (RLIN)
Local note niveau_biblio:m niveau_hierar:0
942 ## - ADDED ENTRY ELEMENTS (KOHA)
Koha item type
Existencias
Withdrawn status Lost status Damaged status Not for loan Home library Current library Shelving location Date acquired Total checkouts Full call number Barcode Date last seen Price effective from Koha item type
        Biblioteca Prof. Eusebio Cleto del Rey Biblioteca Prof. Eusebio Cleto del Rey   07/04/2026   339.5 C397r L128866 07/04/2026 07/04/2026 Libro